书目信息 |
| 题名: |
20世纪中国哲学的历程
|
|
| 作者: | 丁祖豪 著 | |
| 分册: | ||
| 出版信息: | 北京 中国社会科学出版社 2006 |
|
| 页数: | 736页 | |
| 开本: | 24cm | |
| 丛书名: | ||
| 单 册: | ||
| 中图分类: | B261 , B2 | |
| 科图分类: | ||
| 主题词: | 哲学史--中国--20世纪 , 哲学史 , 哲学--中国 | |
| 电子资源: | ||
| ISBN: | 7-5004-5926-2 | |
| 000 | 01007nam0 2200289 450 | |
| 001 | 1157872138 | |
| 005 | 20111004095731.62 | |
| 010 | @a7-5004-5926-2@dCNY68.00 | |
| 100 | @a20070228d2006 em y0chiy50 ea | |
| 101 | 0 | @achi |
| 102 | @aCN@b110000 | |
| 105 | @ay z 000yy | |
| 106 | @ar | |
| 200 | 1 | @a20世纪中国哲学的历程@f丁祖豪[等]著@A20 shi ji zhong guo zhe xue de li cheng |
| 210 | @a北京@c中国社会科学出版社@d2006 | |
| 215 | @a736页@d24cm | |
| 300 | @a国家社会科学基金项目 | |
| 304 | @a著者还有:郭庆堂,唐明贵,孟伟 | |
| 330 | @a本书简要介绍20世纪中国哲学发展过程中最重要、最具影响力的哲学事件、哲学人物与哲学论争,客观阐述了20世纪中国各个时期各派哲学家的观点,准确揭示了20世纪中国哲学思想发展的内在逻辑联系。 | |
| 606 | 0 | @a哲学史@y中国@z20世纪 |
| 606 | 0 | @a哲学史 |
| 606 | 0 | @a哲学@x中国 |
| 690 | @aB261@v4 | |
| 690 | @aB2@v4 | |
| 701 | 0 | @a丁祖豪@f(1955~)@4著@Ading zu hao |
| 801 | 0 | @aCN@b大连网信软件有限公司图书馆·11@c20111004 |
| 905 | @a10447@dB2@eJY144 | |
| 20世纪中国哲学的历程/丁祖豪[等]著.-北京:中国社会科学出版社,2006 |
| 736页;24cm |
| 国家社会科学基金项目 |
| ISBN 7-5004-5926-2:CNY68.00 |
| 本书简要介绍20世纪中国哲学发展过程中最重要、最具影响力的哲学事件、哲学人物与哲学论争,客观阐述了20世纪中国各个时期各派哲学家的观点,准确揭示了20世纪中国哲学思想发展的内在逻辑联系。 |
| ● |
| 相关链接 |
|
|
|
|
正题名:20世纪中国哲学的历程
索取号:B2/JY144
 
预约/预借
| 序号 | 登录号 | 条形码 | 馆藏地/架位号 | 状态 | 备注 |
| 1 | 7824661 | 278246612 | 学院路分馆/ [索取号:B2/JY144] | 在馆 | |
| 2 | 7824662 | 278246621 | 学院路分馆/ [索取号:B2/JY144] | 在馆 |